[Event "Return of Quadzilla!.1"]
[Site "Flint, MI"]
[Date "2000.01.29"]
[Round "5"]
[White "Aldrich, Jeff"]
[Black "Hazzard, Bill"]
[Result "1-0"]
[WhiteElo "1903"]
[BlackElo "1642"]
[PlyCount "43"]
[EventDate "2000.01.29"]

1. d4 f5 2. e4 fxe4 3. Nc3 Nf6 4. g4 h6 5. f4 exf3 6. Qxf3 d5 7. h3 Be6 8. Bd3
Bf7 9. Bf4 Nbd7 10. Nb5 Rc8 11. Qg3 e5 12. dxe5 Ne4 13. Bxe4 dxe4 14. O-O-O Be6
15. Nd4 Qe7 16. Nge2 a6 17. Nf5 Qf7 18. Ned4 c5 19. Nxe6 Qxe6 20. Kb1 Rc6 21.
Rhe1 Be7 22. Nxg7+ 1-0

[Event "Kalamazoo February Mini-Swiss.1"]
[Site "Kalamazoo, MI"]
[Date "2000.02.19"]
[Round "1"]
[White "Rutgers, Randy"]
[Black "Griffin, John"]
[Result "1-0"]
[WhiteElo "1615"]
[BlackElo "1500"]
[PlyCount "61"]
[EventDate "2000.02.19"]

1. d4 d5 2. e4 dxe4 3. Nc3 Nf6 4. f3 exf3 5. Nxf3 g6 6. Bg5 Bg7 7. Bc4 Nc6 8.
O-O a6 9. Ne5 O-O 10. Bxf7+ Rxf7 11. Nxf7 Kxf7 12. d5 Nb4 13. a3 Bg4 14. Qxg4
Nbxd5 15. Rad1 c6 16. Kh1 Qb6 17. Nxd5 cxd5 18. Qd4 Qxd4 19. Rxd4 e6 20. Bxf6
Bh6 21. Rh4 e5 22. Rxh6 Ke6 23. g3 Rc8 24. Rxh7 Rxc2 25. Rxb7 e4 26. Rb6+ Kd7
27. Bd4 Rc4 28. Rf7+ Kc8 29. Rxa6 Rc7 30. Rxc7+ Kxc7 31. h4 1-0

[Event "Kalamazoo February Mini-Swiss.2"]
[Site "Kalamazoo, MI"]
[Date "2000.02.19"]
[Round "3"]
[White "Roth, Bruce"]
[Black "Ringler, Dave"]
[Result "1-0"]
[WhiteElo "1439"]
[BlackElo "1127"]
[PlyCount "115"]
[EventDate "2000.02.19"]

1. e4 g6 2. Nf3 Bg7 3. d4 b6 4. c4 Bb7 5. Nc3 d6 6. Bf4 Nf6 7. d5 O-O 8. Qd2
Nbd7 9. Bh6 Bh8 10. Bxf8 Kxf8 11. Bd3 Nc5 12. Bc2 c6 13. O-O cxd5 14. exd5 Rc8
15. Rac1 Ncd7 16. b3 Ng4 17. h3 Nge5 18. Nxe5 Nxe5 19. f4 Nd7 20. f5 Kg8 21.
Rf2 a6 22. a4 Qc7 23. Re1 Re8 24. Kh1 b5 25. axb5 axb5 26. Nxb5 Qc5 27. Rfe2
Bf6 28. Qe3 Qb4 29. fxg6 hxg6 30. Bxg6 Ne5 31. Bc2 Kf8 32. Nd4 Nd7 33. Nf3 Qc3
34. Qxc3 Bxc3 35. Rf1 Bb4 36. g4 e6 37. dxe6 fxe6 38. Kh2 Ke7 39. Ng5 Nc5 40.
h4 Rf8 41. Rxf8 Kxf8 42. Nxe6+ Nxe6 43. Rxe6 Kf7 44. Re2 Bc5 45. Kg3 d5 46.
cxd5 Bxd5 47. h5 Bd6+ 48. Kf2 Be6 49. Bf5 Bc5+ 50. Kf3 Bd5+ 51. Be4 Bxb3 52.
Rg2 Kg7 53. g5 Bd1+ 54. Kf4 Bxh5 55. Bd5 Bd6+ 56. Kf5 Bg6+ 57. Ke6 Bc5 58. Rc2
1-0

[Event "Kalamazoo February Mini-Swiss.2"]
[Site "Kalamazoo, MI"]
[Date "2000.02.19"]
[Round "1"]
[White "Roth, Bruce"]
[Black "Babcock, John"]
[Result "0-1"]
[WhiteElo "1439"]
[BlackElo "965"]
[PlyCount "110"]
[EventDate "2000.02.19"]

1. e4 e5 2. Nf3 Nc6 3. d4 exd4 4. Nxd4 Nxd4 5. Qxd4 Nf6 6. Nc3 c6 7. Bg5 Be7 8.
f3 O-O 9. O-O-O a5 10. a3 Re8 11. Na4 b5 12. Nc5 Rb8 13. Bf4 Ra8 14. g3 d5 15.
exd5 Qxd5 16. Qxd5 Nxd5 17. Nd3 Nxf4 18. Nxf4 Bg5 19. Kb1 Bxf4 20. gxf4 Bf5 21.
Bd3 Bxd3 22. Rxd3 g6 23. Rhd1 Kf8 24. Rd6 Rac8 25. Kc1 Re2 26. R6d2 Rce8 27. h4
Rxd2 28. Kxd2 Rd8+ 29. Ke2 Rxd1 30. Kxd1 Ke7 31. Ke2 Ke6 32. Kd3 c5 33. c4 b4
34. axb4 axb4 35. Ke4 f5+ 36. Kd3 Kd6 37. Kc2 Kc6 38. Kb3 Kb6 39. Ka4 Ka6 40.
Kb3 Ka5 41. Kc2 Ka4 42. Kb1 Kb3 43. Kc1 Kxc4 44. Kc2 Kd4 45. Kd2 c4 46. Kc2 Ke3
47. Kd1 Kxf3 48. Kd2 Kxf4 49. Ke2 Ke4 50. Kd2 Kf3 51. Ke1 Ke3 52. Kd1 f4 53.
Ke1 f3 54. Kf1 c3 55. bxc3 bxc3 0-1

[Event "Kalamazoo February Mini-Swiss.2"]
[Site "Kalamazoo, MI"]
[Date "2000.02.19"]
[Round "1"]
[White "Ringler, Dave"]
[Black "Jensen, Robert"]
[Result "1-0"]
[WhiteElo "1127"]
[BlackElo "1333"]
[PlyCount "67"]
[EventDate "2000.02.19"]

1. Nf3 d5 2. g3 Bg4 3. Bg2 Nc6 4. d3 e6 5. b3 Be7 6. Bb2 Bf6 7. d4 Nge7 8. Nbd2
O-O 9. e4 e5 10. h3 Bxf3 11. Nxf3 Qd6 12. O-O Rad8 13. exd5 Nxd4 14. Nxd4 exd4
15. Bxd4 Bxd4 16. Qxd4 Nxd5 17. c4 c5 18. Qxd5 b6 19. Qxd6 Rxd6 20. Rad1 Rf6
21. Rd7 a5 22. Rfd1 g5 23. Rd8 Re6 24. Rxf8+ Kxf8 25. Kh2 Re2 26. Rd6 Rxa2 27.
Rxb6 Rxf2 28. Rb5 Rb2 29. Rxc5 Rxb3 30. Rxa5 Rc3 31. c5 Rc2 32. c6 Ke7 33. Ra7+
Kd8 34. Rxf7 1-0

[Event "Kalamazoo February Mini-Swiss.1"]
[Site "Kalamazoo, MI"]
[Date "2000.02.19"]
[Round "3"]
[White "Moore, Robert"]
[Black "Griffin, John"]
[Result "1-0"]
[WhiteElo "1609"]
[BlackElo "1500"]
[PlyCount "75"]
[EventDate "2000.02.19"]

1. e4 c5 2. Nf3 Nc6 3. d4 cxd4 4. Nxd4 e5 5. Nxc6 bxc6 6. Nc3 Nf6 7. Bg5 Bb4 8.
Bd3 Bxc3+ 9. bxc3 h6 10. Be3 d5 11. exd5 Nxd5 12. Bd2 Be6 13. O-O O-O 14. Qe2
Qc7 15. Rfe1 Nf4 16. Qxe5 Qxe5 17. Rxe5 Nxd3 18. cxd3 Rab8 19. c4 Rfd8 20. Bf4
Rxd3 21. Rxe6 Rbd8 22. Ree1 R3d4 23. Be3 Rxc4 24. Bxa7 Rd2 25. a4 Rb2 26. a5
Rcc2 27. Be3 c5 28. a6 Rb8 29. a7 Ra8 30. Reb1 Kh7 31. Rb8 Rxa7 32. Rxa7 Re2
33. Rb1 c4 34. Rc7 f5 35. Rxc4 g5 36. Rc6 Rxe3 37. Rb7+ Kg8 38. fxe3 1-0

[Event "Kalamazoo February Mini-Swiss.1"]
[Site "Kalamazoo, MI"]
[Date "2000.02.19"]
[Round "1"]
[White "Moore, Robert"]
[Black "Fischvogt, Eric"]
[Result "1/2-1/2"]
[WhiteElo "1609"]
[BlackElo "2200"]
[PlyCount "108"]
[EventDate "2000.02.19"]

1. e4 Nc6 2. Nf3 d6 3. d4 Bg4 4. Bb5 a6 5. Bxc6+ bxc6 6. c4 g6 7. h3 Bxf3 8.
Qxf3 Bg7 9. e5 Qd7 10. O-O Nh6 11. Nc3 O-O 12. Bf4 Rab8 13. b3 c5 14. dxc5 dxe5
15. Rad1 Qf5 16. Nd5 Rfe8 17. Bxh6 Qxf3 18. gxf3 Bxh6 19. Nxc7 Rec8 20. Nxa6
Ra8 21. Nb4 e6 22. c6 Bf8 23. Nd3 f6 24. a4 Rxc6 25. Rfe1 Rb8 26. Rb1 Rd6 27.
Red1 Rbd8 28. Nb2 Rd2 29. Rxd2 Rxd2 30. Nd1 Bb4 31. Ne3 Kf7 32. Rc1 Bc5 33. Rb1
Bb4 34. Kg2 Ke7 35. Kf1 h5 36. Ra1 Ba5 37. c5 Bc3 38. Rc1 Bd4 39. b4 Ra2 40. a5
Kd7 41. Rc2 Ra4 42. c6+ Kc7 43. Rc4 Ra3 44. Nc2 Rc3 45. Rxc3 Bxc3 46. Ke2 Kxc6
47. Kd3 Bb2 48. Kc4 g5 49. b5+ Kb7 50. Kc5 Bc3 51. a6+ Ka7 52. Nb4 Bxb4+ 53.
Kxb4 Kb6 54. Kc4 f5 1/2-1/2

[Event "Kalamazoo February Mini-Swiss.2"]
[Site "Kalamazoo, MI"]
[Date "2000.02.19"]
[Round "2"]
[White "Krzyston, Joe"]
[Black "Roth, Bruce"]
[Result "0-1"]
[WhiteElo "849"]
[BlackElo "1439"]
[PlyCount "106"]
[EventDate "2000.02.19"]

1. e4 c6 2. Nf3 d5 3. Nc3 a6 4. d4 h6 5. Bd3 dxe4 6. Nxe4 Bg4 7. h3 Bxf3 8.
Qxf3 Qxd4 9. c3 Qd8 10. Be3 e6 11. O-O-O Nd7 12. Ng3 Ngf6 13. Bd4 Be7 14. Rhe1
Qc7 15. Bc4 O-O-O 16. Ne4 c5 17. Bxf6 Nxf6 18. Ng3 Kb8 19. Nh5 Nxh5 20. Qxh5
Qf4+ 21. Kc2 Qxf2+ 22. Re2 Qf6 23. Qe5+ Qxe5 24. Rxe5 Rxd1 25. Kxd1 Rd8+ 26.
Kc2 a5 27. Re2 b6 28. a4 Kc7 29. g4 Rd6 30. Rh2 f5 31. gxf5 exf5 32. h4 g5 33.
hxg5 hxg5 34. Rh7 Kd7 35. Rf7 f4 36. b3 Ke8 37. Rf5 Bf6 38. Rd5 Rxd5 39. Bxd5
Ke7 40. c4 Kd6 41. Bf3 Bd4 42. Kd3 Ke5 43. Bg4 Be3 44. Bf3 Kf5 45. Bh1 Bd4 46.
Be4+ Kg4 47. Ke2 Kg3 48. Bf3 g4 49. Be4 f3+ 50. Kf1 Kf4 51. Bd3 g3 52. Ke1 g2
53. Bf1 g1=Q 0-1

[Event "Kalamazoo February Mini-Swiss.2"]
[Site "Kalamazoo, MI"]
[Date "2000.02.19"]
[Round "3"]
[White "Jensen, Donna"]
[Black "Krzyston, Joe"]
[Result "0-1"]
[WhiteElo "686"]
[BlackElo "849"]
[PlyCount "30"]
[EventDate "2000.02.19"]

1. e4 c5 2. Nc3 Nc6 3. Nf3 Nf6 4. d3 e6 5. Be3 d5 6. e5 Ng4 7. Bd2 Ngxe5 8. Bf4
Ng6 9. Bg3 e5 10. Qd2 Bd7 11. O-O-O Qa5 12. Nh4 Nge7 13. f4 Nb4 14. Kb1 O-O-O
15. Be2 Bb5 0-1

[Event "Kalamazoo February Mini-Swiss.2"]
[Site "Kalamazoo, MI"]
[Date "2000.02.19"]
[Round "1"]
[White "Jensen, Donna"]
[Black "Higgins, Richard"]
[Result "0-1"]
[WhiteElo "797"]
[BlackElo "1137"]
[PlyCount "146"]
[EventDate "2000.02.19"]

1. e4 e5 2. Nf3 Nc6 3. Nc3 Be7 4. Be2 d6 5. d4 exd4 6. Nxd4 Bd7 7. Be3 a6 8. b3
Nf6 9. Bf3 Ne5 10. Nd5 c5 11. Nf5 Nxd5 12. Qxd5 Bxf5 13. exf5 Bf6 14. Rd1 Nxf3+
15. Qxf3 Bc3+ 16. Bd2 Qe7+ 17. Kf1 Be5 18. g3 O-O 19. Bf4 Rad8 20. Re1 f6 21.
Qd5+ Qf7 22. c4 Rfe8 23. Kg2 Qxd5+ 24. cxd5 g6 25. Bh6 gxf5 26. f4 Bd4 27.
Rxe8+ Rxe8 28. h4 Kf7 29. Kh3 Kg6 30. Rh2 Kxh6 31. Rg2 Rg8 32. Re2 Rg4 33. Re6
Bf2 34. Rxf6+ Kg7 35. Rxd6 Rxg3+ 36. Kh2 Rd3 37. Rd7+ Kg8 38. h5 b6 39. h6 Be3
40. Rd8+ Kf7 41. Rd7+ Ke8 42. Ra7 Bxf4+ 43. Kg2 Rxd5 44. Ra8+ Rd8 45. Rxa6 Bxh6
46. Rxb6 Rd2+ 47. Kf3 Bf8 48. Re6+ Kd7 49. Re5 Rxa2 50. Rxf5 Be7 51. Rh5 Ra3
52. Rxh7 Rxb3+ 53. Kg4 c4 54. Kf5 c3 55. Rh3 Rb5+ 56. Ke4 c2 57. Rd3+ Kc6 58.
Rc3+ Rc5 59. Kd3 c1=Q 60. Rxc1 Rxc1 61. Ke4 Rd1 62. Ke5 Bd6+ 63. Ke4 Kc5 64.
Ke3 Rd4 65. Kf3 Kc4 66. Ke2 Rd3 67. Kf1 Rd2 68. Ke1 Kd3 69. Kf1 Ke3 70. Ke1
Bg3+ 71. Kf1 Ra2 72. Kg1 Kf3 73. Kf1 Ra1# 0-1

[Event "Kalamazoo February Mini-Swiss.2"]
[Site "Kalamazoo, MI"]
[Date "2000.02.19"]
[Round "2"]
[White "Jackson, Don"]
[Black "Henkel, Scott"]
[Result "1-0"]
[WhiteElo "1116"]
[BlackElo "1365"]
[PlyCount "63"]
[EventDate "2000.02.19"]

1. g4 e5 2. Bg2 d5 3. h3 c6 4. c4 dxc4 5. Qa4 Be6 6. Nc3 g6 7. b3 cxb3 8. axb3
Nf6 9. Nf3 Nd5 10. Nxe5 Nxc3 11. dxc3 Bg7 12. Qe4 Nd7 13. Bf4 Nxe5 14. Bxe5
Bxe5 15. Qxe5 O-O 16. c4 Re8 17. Qg3 Qb6 18. O-O Qxb3 19. Qxb3 b5 20. Bxc6 Bxc4
21. Qb4 a5 22. Rxa5 Rxa5 23. Qxa5 Rxe2 24. Bxb5 Re4 25. Bxc4 Rxc4 26. Re1 Rc8
27. Qa4 Rd8 28. Re8+ Rxe8 29. Qxe8+ Kg7 30. f4 h6 31. h4 Kf6 32. Qe5# 1-0

[Event "Kalamazoo February Mini-Swiss.2"]
[Site "Kalamazoo, MI"]
[Date "2000.02.19"]
[Round "2"]
[White "Higgins, Richard"]
[Black "Ringler, Dave"]
[Result "1-0"]
[WhiteElo "1137"]
[BlackElo "1127"]
[PlyCount "65"]
[EventDate "2000.02.19"]

1. e4 g6 2. Nf3 Bg7 3. d4 b6 4. Be3 Bb7 5. c3 Bxe4 6. Nbd2 Bb7 7. Bd3 Nf6 8. h3
O-O 9. Qc2 Nd5 10. O-O Nxe3 11. fxe3 d5 12. e4 Nd7 13. e5 c5 14. Qd1 Rc8 15.
Nh2 cxd4 16. cxd4 Nb8 17. Ndf3 Nc6 18. a3 a6 19. Rf2 b5 20. Qe2 h6 21. Raf1 Qb6
22. e6 Nxd4 23. exf7+ Rxf7 24. Qd1 Nxf3+ 25. Nxf3 Bxb2 26. Kh1 Qxf2 27. Bxg6
Qxf1+ 28. Qxf1 Rc1 29. Bxf7+ Kxf7 30. Ne1+ Ke6 31. Qe2+ Be5 32. Kg1 Kd6 33. Qd2
1-0

[Event "Kalamazoo February Mini-Swiss.2"]
[Site "Kalamazoo, MI"]
[Date "2000.02.19"]
[Round "3"]
[White "Higgins, Richard"]
[Black "Jackson, Don"]
[Result "1/2-1/2"]
[WhiteElo "1137"]
[BlackElo "1116"]
[PlyCount "41"]
[EventDate "2000.02.19"]

1. e4 g5 2. Nc3 Bg7 3. d4 h6 4. Be3 c5 5. Nge2 Nc6 6. a3 cxd4 7. Nxd4 a6 8. Be2
Nf6 9. Nf5 Bf8 10. Qd2 Qa5 11. Rd1 Nxe4 12. Nxe4 Qxf5 13. Ng3 Qf6 14. O-O Qxb2
15. Rfe1 Bg7 16. Rf1 Qxa3 17. Bh5 Qa5 18. Qe2 O-O 19. Bg4 d6 20. Nh5 Bh8 21. f4
1/2-1/2

[Event "Kalamazoo February Mini-Swiss.2"]
[Site "Kalamazoo, MI"]
[Date "2000.02.19"]
[Round "1"]
[White "Henkel, Scott"]
[Black "Krzyston, Joe"]
[Result "1-0"]
[WhiteElo "1365"]
[BlackElo "849"]
[PlyCount "29"]
[EventDate "2000.02.19"]

1. e4 c5 2. Nf3 d6 3. Bb5+ Bd7 4. Nc3 Nf6 5. e5 a6 6. exf6 gxf6 7. Bxd7+ Qxd7
8. d4 c4 9. Nd5 Qe6+ 10. Ne3 Nc6 11. d5 Qd7 12. dxc6 bxc6 13. Nxc4 Qe6+ 14. Qe2
Qf5 15. Nxd6+ 1-0

[Event "Kalamazoo February Mini-Swiss.2"]
[Site "Kalamazoo, MI"]
[Date "2000.02.19"]
[Round "3"]
[White "Henkel, Scott"]
[Black "Babcock, John"]
[Result "1-0"]
[WhiteElo "1365"]
[BlackElo "965"]
[PlyCount "39"]
[EventDate "2000.02.19"]

1. e4 Nf6 2. Nc3 e6 3. d4 d6 4. f4 b6 5. Nf3 Bb7 6. e5 dxe5 7. fxe5 Nd5 8. Nxd5
Bxd5 9. c4 Bxf3 10. Qxf3 Qxd4 11. Qxa8 Qxe5+ 12. Be2 c6 13. O-O Qc7 14. Bf3 Kd8
15. Bxc6 Kc8 16. Bf4 e5 17. Bxe5 Qxe5 18. Qb7+ Kd8 19. Rad1+ Bd6 20. Qxb8+ 1-0

[Event "Kalamazoo February Mini-Swiss.1"]
[Site "Kalamazoo, MI"]
[Date "2000.02.19"]
[Round "2"]
[White "Griffin, John"]
[Black "Franklin, Stan"]
[Result "0-1"]
[WhiteElo "1500"]
[BlackElo "1630"]
[PlyCount "146"]
[EventDate "2000.02.19"]

1. d4 d5 2. c4 e6 3. Nf3 c5 4. Nc3 cxd4 5. Qxd4 Nc6 6. Qd1 Bb4 7. a3 Bxc3+ 8.
bxc3 dxc4 9. Qxd8+ Kxd8 10. e3 b5 11. Nd4 Nxd4 12. exd4 Bb7 13. f3 Ne7 14. a4
a6 15. Be2 Nd5 16. axb5 axb5 17. Rxa8+ Bxa8 18. Bb2 Nf4 19. Kf2 Kc7 20. Ra1 Bb7
21. g3 Nxe2 22. Kxe2 Ra8 23. Rxa8 Bxa8 24. Ba3 Kc6 25. Ke3 Kd5 26. Bf8 g6 27.
g4 e5 28. Bg7 exd4+ 29. Bxd4 Bc6 30. f4 Bd7 31. g5 Bf5 32. h4 Bd3 33. Bf6 Ke6
34. Bg7 Kf5 35. Kf3 Bc2 36. Be5 Bd1+ 37. Kg3 Ke4 38. Kf2 Kd3 39. Ke1 Kc2 40.
Bf6 Bf3 41. Kf2 Bd5 42. Ke3 Be6 43. Be5 Kb3 44. Kd2 b4 45. cxb4 Kxb4 46. Bd4
Kb5 47. Ke3 Kc6 48. Ke4 Bf5+ 49. Ke3 Kb5 50. Kd2 Kb4 51. Bc3+ Kc5 52. Ke3 Kd5
53. Bf6 Bd3 54. Be5 Ke6 55. Kf3 Kf5 56. Bc3 Be4+ 57. Kg3 Bd5 58. Be5 Ke4 59.
Kf2 Kd3 60. Kg3 c3 61. Kg4 c2 62. Bb2 Kd2 63. f5 c1=Q 64. Bxc1+ Kxc1 65. Kf4
Kd2 66. Ke5 Bb3 67. fxg6 hxg6 68. Kf4 Kd3 69. Kg4 Ke4 70. h5 Bd1+ 71. Kh4 Bxh5
72. Kg3 Kf5 73. Kh4 Bd1 0-1

[Event "Kalamazoo February Mini-Swiss.1"]
[Site "Kalamazoo, MI"]
[Date "2000.02.19"]
[Round "1"]
[White "Franklin, Stan"]
[Black "Farmand, Farnood"]
[Result "0-1"]
[WhiteElo "1630"]
[BlackElo "1598"]
[PlyCount "64"]
[EventDate "2000.02.19"]

1. e4 e5 2. Nf3 Nf6 3. Nc3 Nc6 4. Be2 d5 5. exd5 Nxd5 6. Nxd5 Qxd5 7. d3 Bd6 8.
O-O Bg4 9. Be3 O-O 10. c4 Qa5 11. a3 Bxf3 12. Bxf3 Nd4 13. b4 Nxf3+ 14. Qxf3
Qa4 15. Qxb7 c6 16. Qd7 Rfd8 17. Qf5 a5 18. c5 Bc7 19. Qe4 h6 20. bxa5 Qxa5 21.
Qxc6 Rxd3 22. a4 Rad8 23. Qb5 Qc3 24. Rac1 Qa3 25. Rfe1 f5 26. g3 f4 27. Qc4+
Kh8 28. gxf4 exf4 29. Bxf4 R3d4 30. Bxc7 Rxc4 31. Rxc4 Rd5 32. Bb6 Rg5+ 0-1

[Event "Kalamazoo February Mini-Swiss.1"]
[Site "Kalamazoo, MI"]
[Date "2000.02.19"]
[Round "3"]
[White "Franklin, Stan"]
[Black "Dorrington, Eldon"]
[Result "0-1"]
[WhiteElo "1630"]
[BlackElo "1684"]
[PlyCount "110"]
[EventDate "2000.02.19"]

1. e4 c6 2. d4 d5 3. e5 Bf5 4. f3 Na6 5. g4 Bg6 6. Bxa6 Qa5+ 7. Nc3 Qxa6 8. h4
h5 9. g5 e6 10. Nge2 Ne7 11. Be3 Nf5 12. Bf2 b5 13. a3 Qb7 14. Nf4 b4 15. axb4
Bxb4 16. O-O O-O 17. Nxg6 fxg6 18. Ne2 Rac8 19. c3 Be7 20. b4 Bd8 21. Qd2 Bb6
22. Qd3 Qf7 23. Kg2 Rc7 24. c4 Rb7 25. c5 Bd8 26. Ra4 Ne7 27. Bg3 Nf5 28. Be1
Kh7 29. Ra6 Qd7 30. Bg3 Rxb4 31. Rfa1 Rb7 32. Qa3 Rf7 33. Ra2 Qc8 34. Qd3 Rfc7
35. Be1 Rf7 36. Bf2 Qd7 37. Qa3 Qc8 38. Qa4 Rfc7 39. Kh3 Qd7 40. Be1 Qf7 41.
Ba5 Nxh4 42. f4 Qf5+ 43. Kh2 Qe4 44. Ng3 Nf3+ 45. Kh3 Qxf4 46. Bxc7 Nxg5+ 47.
Kg2 h4 48. Bxd8 Qxg3+ 49. Kh1 Qh3+ 50. Kg1 Nf3+ 51. Kf2 Rf7 52. Rxa7 Qg3+ 53.
Ke2 Ng1+ 54. Kd2 Rf2+ 55. Kc1 Qc3+ 0-1

[Event "Kalamazoo February Mini-Swiss.2"]
[Site "Kalamazoo, MI"]
[Date "2000.02.19"]
[Round "2"]
[White "Francisco, Philip"]
[Black "Jensen, Donna"]
[Result "1-0"]
[WhiteElo "1016"]
[BlackElo "797"]
[PlyCount "41"]
[EventDate "2000.02.19"]

1. e4 b6 2. d4 Bb7 3. Nc3 Nc6 4. Nf3 Nf6 5. Bd3 e6 6. O-O Bd6 7. Re1 O-O 8. e5
Bb4 9. Bd2 Nd5 10. Bg5 Nde7 11. Re4 d5 12. Rg4 Nf5 13. Bxd8 Rfxd8 14. Nh4 Nfxd4
15. Nb5 Nxe5 16. Rxd4 Bc5 17. Bxh7+ Kxh7 18. Qh5+ Kg8 19. Qxe5 f6 20. Qxe6+ Kf8
21. Ng6# 1-0

[Event "Kalamazoo February Mini-Swiss.1"]
[Site "Kalamazoo, MI"]
[Date "2000.02.19"]
[Round "2"]
[White "Dorrington, Eldon"]
[Black "Moore, Robert"]
[Result "1-0"]
[WhiteElo "1684"]
[BlackElo "1609"]
[PlyCount "105"]
[EventDate "2000.02.19"]

1. d4 Nf6 2. e3 d6 3. Bd3 g6 4. f4 Bg7 5. Nf3 O-O 6. O-O Nbd7 7. f5 c5 8. fxg6
fxg6 9. c3 a6 10. Ng5 Nb6 11. dxc5 dxc5 12. Qb3+ Kh8 13. Be2 Qd5 14. Qxd5 Nbxd5
15. e4 Nc7 16. e5 Ng8 17. Bc4 Rxf1+ 18. Kxf1 Bxe5 19. Nf7+ Kg7 20. Nxe5 Bf5 21.
Kg1 Rd8 22. Nd2 b5 23. Be2 Nf6 24. c4 Rd6 25. b3 b4 26. Nef3 Ne6 27. h3 Nf4 28.
Bf1 Kf7 29. Bb2 Nd7 30. Kf2 Nd3+ 31. Bxd3 Rxd3 32. Ke2 Rd6 33. g4 Bd3+ 34. Kf2
h6 35. Re1 g5 36. Nf1 Bh7 37. Ne3 e6 38. Rd1 Rxd1 39. Nxd1 Bb1 40. Nd2 Bg6 41.
Ne3 Nb8 42. Be5 Nd7 43. Bb2 Bd3 44. Ng2 Bg6 45. Ke3 Bh7 46. Ne4 e5 47. Ne1 Ke6
48. Nd3 Bg6 49. Nexc5+ Nxc5 50. Nxc5+ Kd6 51. Nxa6 Bb1 52. Nxb4 e4 53. Bg7 1-0

[Event "Kalamazoo February Mini-Swiss.1"]
[Site "Kalamazoo, MI"]
[Date "2000.02.19"]
[Round "3"]
[White "Bryant, Daniel"]
[Black "Farmand, Farnood"]
[Result "0-1"]
[WhiteElo "1535"]
[BlackElo "1598"]
[PlyCount "65"]
[EventDate "2000.02.19"]

1. c4 e5 2. Nc3 Nf6 3. d3 Nc6 4. g3 Bc5 5. Bg2 d6 6. Nf3 Be6 7. O-O h6 8. a3
Qd7 9. Rb1 Nd4 10. b4 Nxf3+ 11. Bxf3 Bd4 12. Ne4 Bh3 13. Nxf6+ gxf6 14. Bxb7
Rb8 15. Bg2 Bxg2 16. Kxg2 h5 17. e3 Bb6 18. Qf3 Qe6 19. h4 Ke7 20. Bb2 Rbg8 21.
a4 a5 22. Bc3 axb4 23. Bxb4 f5 24. a5 e4 25. dxe4 fxe4 26. Qe2 Ba7 27. Kh2 Rg4
28. Qc2 Qf6 29. Bc3 Rxh4+ 30. Kg1 Qf3 31. Bf6+ Kxf6 32. Qc3+ Ke7 33. gxh4 0-1

[Event "Kalamazoo February Mini-Swiss.2"]
[Site "Kalamazoo, MI"]
[Date "2000.02.19"]
[Round "2"]
[White "Babcock, John"]
[Black "Jensen, Robert"]
[Result "0-1"]
[WhiteElo "965"]
[BlackElo "1333"]
[PlyCount "96"]
[EventDate "2000.02.19"]

1. d4 d5 2. c4 c6 3. Nc3 Bg4 4. Nf3 Bxf3 5. exf3 e6 6. c5 g6 7. Bf4 Nd7 8. Be2
Bg7 9. Be3 Ne7 10. Bd3 Nxc5 11. dxc5 d4 12. Bxd4 Bxd4 13. Qd2 Bxc5 14. Rd1 Qc7
15. Ne4 Bd4 16. O-O O-O 17. b3 Rad8 18. Qg5 Rd5 19. Qg3 Qxg3 20. Nxg3 Rfd8 21.
Bc4 Bxf2+ 22. Kxf2 Rxd1 23. a4 Rxf1+ 24. Nxf1 Nd5 25. g3 a6 26. h3 b5 27. Be2
Nc3 28. axb5 axb5 29. Ke3 Nxe2 30. Kxe2 f5 31. Ke3 Kf7 32. g4 c5 33. Nd2 f4+
34. Ke2 Rd4 35. g5 e5 36. h4 c4 37. bxc4 bxc4 38. Ne4 Rxe4+ 39. fxe4 c3 40. Kd3
f3 41. Kxc3 f2 42. Kd3 f1=Q+ 43. Ke3 Qf4+ 44. Ke2 Qxe4+ 45. Kd2 Qf3 46. Kc2 Ke6
47. Kd2 Kd5 48. Ke1 Qg2 0-1

[Event "U.S. Amateur Team East"]
[Site "Parsippany, NJ"]
[Date "2000.03.19"]
[Round "1"]
[White "Finegold, Ben"]
[Black "Stancil, Kimani"]
[Result "1-0"]
[WhiteElo "2580"]
[BlackElo "2142"]
[PlyCount "57"]
[EventDate "2000.03.19"]

1. d4 Nf6 2. c4 e6 3. Nc3 Bb4 4. Qc2 b6 5. e4 Bxc3+ 6. bxc3 Ng8 7. Nf3 Ne7 8.
Bd3 Bb7 9. h4 d6 10. Rh3 Nd7 11. Rg3 Rg8 12. a4 a5 13. Be3 Qb8 14. Rb1 Qa7 15.
e5 g6 16. d5 exd5 17. exd6 cxd6 18. Nd4 dxc4 19. Bxc4 Nc5 20. Bb5+ Kd8 21. Bg5
Be4 22. Qe2 Kc8 23. Re3 f5 24. f3 h6 25. Bxe7 Bxb1 26. Bxd6 Be4 27. fxe4 f4 28.
Qg4+ Nd7 29. Qe6 1-0

[Event "U.S. Amateur Team East"]
[Site "Parsippany, NJ"]
[Date "2000.03.21"]
[Round "6"]
[White "McHugh, Edward"]
[Black "Finegold, Ben"]
[Result "0-1"]
[WhiteElo "2285"]
[BlackElo "2580"]
[PlyCount "114"]
[EventDate "2000.03.19"]

1. e4 c5 2. c3 d5 3. exd5 Qxd5 4. d4 Nf6 5. Nf3 Bg4 6. Be2 e6 7. h3 Bh5 8. O-O
Nc6 9. Be3 cxd4 10. Nxd4 Bxe2 11. Qxe2 Be7 12. Rd1 O-O 13. Nd2 Nxd4 14. Bxd4
Qc6 15. Qc4 Rfc8 16. Qxc6 Rxc6 17. Nf3 Nd5 18. Ne5 Rc7 19. c4 Nb4 20. Bc3 f6
21. Nd3 Nxd3 22. Rxd3 Rac8 23. Re1 e5 24. Re4 Rxc4 25. Rxc4 Rxc4 26. Rd7 Bb4
27. Rxb7 Bxc3 28. bxc3 Ra4 29. Rb2 Kf7 30. Kf1 Ke6 31. Ke2 Kd5 32. Kd3 g5 33.
Rc2 e4+ 34. Ke3 f5 35. g3 Ra3 36. h4 h6 37. hxg5 hxg5 38. f3 exf3 39. Kxf3 Kc4
40. g4 Kd3 41. Rh2 f4 42. Rh5 Ra5 43. Rh7 Kxc3 44. Rd7 a6 45. Rd6 Kc4 46. Ke4
Rxa2 47. Rc6+ Kb4 48. Rg6 Ra5 49. Kd4 Kb3 50. Kd3 Kb2 51. Rf6 Kc1 52. Rf5 Rb5
53. Rf6 Kd1 54. Rxa6 Ke1 55. Ke4 Kf2 56. Ra3 Kg2 57. Ra2+ Kg3 0-1

[Event "Lansing April Mini-Swiss.1"]
[Site "Lansing, MI"]
[Date "2000.04.16"]
[Round "1.1"]
[White "Wright, Ken"]
[Black "Aldrich, Jeff"]
[Result "0-1"]
[WhiteElo "1613"]
[BlackElo "1944"]
[PlyCount "108"]
[EventDate "2000.04.16"]

1. e4 c6 2. Nf3 d5 3. exd5 cxd5 4. d4 Nc6 5. Bb5 e6 6. Nc3 Nf6 7. Bg5 Be7 8.
Ne5 Qc7 9. Bxc6+ bxc6 10. Bxf6 Bxf6 11. f4 Ba6 12. g3 c5 13. Qd2 Rb8 14. Rb1
Be7 15. Nf3 O-O 16. a3 Rfc8 17. Kf2 f6 18. Rhe1 Qd7 19. Qe3 Rb6 20. Kg2 Bb7 21.
h4 cxd4 22. Nxd4 Bc5 23. Kh2 Re8 24. Qd2 e5 25. Nb3 Bf8 26. fxe5 fxe5 27. Qg5
Rg6 28. Qd2 Kh8 29. Rbd1 Qg4 30. Qf2 Rf6 31. Qe2 Rf3 32. Rg1 Bc8 33. Rg2 Qh3+
34. Kg1 Bg4 35. Qe1 Bf5 36. Rdd2 a5 37. a4 Bd6 38. Rxd5 Bb8 39. Nb5 Bxc2 40.
Nd2 Rff8 41. b3 Bg6 42. Qe3 Rc8 43. Nc4 Bf7 44. Rh2 Qf5 45. Rf2 Qb1+ 46. Rf1
Qg6 47. Nxe5 Bxe5 48. Rxe5 Bxb3 49. Rxf8+ Rxf8 50. Qxb3 Qf6 51. Qe3 Qf1+ 52.
Kh2 Rf2+ 53. Qxf2 Qxf2+ 54. Kh3 h6 0-1

[Event "Lansing April Mini-Swiss.1"]
[Site "Lansing, MI"]
[Date "2000.04.16"]
[Round "3.2"]
[White "Hamood, Al"]
[Black "Aldrich, Jeff"]
[Result "1/2-1/2"]
[WhiteElo "1834"]
[BlackElo "1944"]
[PlyCount "178"]
[EventDate "2000.04.16"]

1. d4 d5 2. c4 c6 3. Nf3 Nf6 4. Nc3 e6 5. Bf4 dxc4 6. a4 Bb4 7. e3 Nd5 8. Qc2
Qa5 9. Rc1 Nxf4 10. exf4 b5 11. Be2 h6 12. O-O O-O 13. Ne5 Bb7 14. Bf3 a6 15.
f5 exf5 16. Qxf5 Qc7 17. Be4 g6 18. Qh3 h5 19. f4 f5 20. Nxg6 fxe4 21. Nxf8
Kxf8 22. Qxh5 c5 23. d5 Qf7 24. Qh8+ Qg8 25. Qxg8+ Kxg8 26. Nxe4 Nd7 27. Nd6
Bxd5 28. axb5 axb5 29. Nxb5 Bd2 30. Nc7 Be3+ 31. Kh1 Bxc1 32. Rxc1 Bxg2+ 33.
Kxg2 Rb8 34. Rxc4 Rxb2+ 35. Kg3 Rb4 36. Rc3 c4 37. Kg4 Nb6 38. Re3 Kf7 39. h4
Rb3 40. Re6 c3 41. Rc6 Na4 42. Nd5 Rb2 43. Nxc3 Rc2 44. Rc7+ Ke6 45. Nb5 Rg2+
46. Kf3 Rb2 47. Nd4+ Kd6 48. Rc2 Rb1 49. Re2 Nc3 50. Nf5+ Kd7 51. Re5 Rf1+ 52.
Kg4 Rg1+ 53. Ng3 Nd1 54. h5 Nf2+ 55. Kf3 Nh1 56. Rg5 Nxg3 57. Rxg3 Rh1 58. Kg4
Ke6 59. Kg5 Kf7 60. Kh6 Rf1 61. Rg7+ Kf8 62. Rg4 Kf7 63. Kg5 Rh1 64. Rh4 Rg1+
65. Kf5 Rb1 66. h6 Rb5+ 67. Kg4 Rb8 68. h7 Rh8 69. Kg5 Kg7 70. f5 Kf7 71. Kh6
Rd8 72. Rg4 Rd2 73. Rg5 Rd6+ 74. Rg6 Rd2 75. h8=N+ Kf8 76. Rf6+ Kg8 77. Ng6
Rh2+ 78. Kg5 Kg7 79. Re6 Rg2+ 80. Kf4 Rf2+ 81. Ke5 Re2+ 82. Kd6 Rf2 83. Ne7 Kf7
84. Re5 Rd2+ 85. Nd5 Kf8 86. f6 Kf7 87. Re7+ Kf8 88. Rg7 Rf2 89. Ra7 Rd2 $138
1/2-1/2